Music Quiz

Random Music or Lyrics Quiz

Guess the Lyrics (Soundtrack) Quiz Stats

 Plays Quiz not verified by Sporcle

Score 0/146 Timer 08:00
0 Plays Today
% Correct
a
97.6%
the
97.6%
the
97.6%
the
97.6%
and
97.6%
and
97.6%
the
97.6%
the
97.6%
and
97.6%
a
97.6%
And
97.6%
a
97.6%
the
97.6%
the
97.6%
to
76.4%
love,
72.8%
love,
72.8%
love,
72.8%
love,
72.8%
on
72.6%
on
72.6%
It
72.6%
It
72.6%
it
72.6%
It
72.6%
It
72.6%
It
72.6%
It
72.6%
we
72.3%
in
71.7%
in
71.7%
in
71.7%
I
70.7%
I
70.7%
I
70.7%
I
70.7%
I
70.7%
me
69.8%
of
61.1%
have
57.9%
have
57.9%
have
57.9%
have
57.9%
have
57.9%
where
55.7%
where
55.7%
my
55.4%
my
55.4%
your
54.3%
% Correct
your
54.3%
that
50.8%
that
50.8%
it's
45.7%
it's
45.7%
it's
45.7%
it's
45.7%
it's
45.7%
It's
45.7%
It's
45.7%
but
44.8%
but
44.8%
but
44.8%
But
44.8%
but
44.8%
but
44.8%
been
44.3%
been
44.3%
been
44.3%
been
44.3%
been
44.3%
all
43.5%
all
43.5%
was
43.2%
we're
42.4%
now,
41%
now.
41%
now
41%
now.
41%
now
41%
now.
41%
time
39.4%
like
38.9%
from
38%
I'm
38%
I'm
38%
must
37.8%
must
37.8%
must
37.8%
must
37.8%
must
37.8%
over
36.4%
over
36.4%
over
36.4%
over
36.4%
out.
35.3%
had
34.2%
day,
33.7%
up
31.5%
% Correct
heart.
31.3%
by
30.7%
good,
24.7%
I've
22%
Make
20.1%
dream
19.8%
lost
19.8%
dream
19.8%
eyes
18.5%
run
17.7%
somehow.
17.4%
around.
17.1%
away.
16.3%
away.
16.3%
without.
16%
moment
15.5%
wanted
15.2%
wind
14.7%
close
14.4%
Touch
13.6%
pillow,
13.3%
there's
13.3%
leave
13%
touched
12.8%
hard,
12.8%
living
12.5%
blows.
12.5%
Lay
12%
together,
12%
whisper
11.7%
winter
11.4%
winter's
11.4%
ground.
11.1%
lonely,
11.1%
water,
10.9%
water
10.9%
silence
10.3%
wake
9.8%
'til
9.5%
flows.
9.5%
bedroom
9%
air
7.3%
outside
6.8%
sheltered
6%
teardrop
6%
believing
5.7%
palm.
5.2%
turned
4.6%

You're not logged in!

Compare scores with friends on all Sporcle quizzes.
Join for Free
OR
Log In

You Might Also Like...

Show Comments

Extras

Top Quizzes Today


Score Distribution

Your Account Isn't Verified!

In order to create a playlist on Sporcle, you need to verify the email address you used during registration. Go to your Sporcle Settings to finish the process.

Report this User

Report this user for behavior that violates our Community Guidelines.

Details: